000
00252nam a2200121Ia 4500
100
_a
Omura/George
942
_c
BK
654
_a
mastering
245
_a
Mastering autocad Release 12
260
_b
BPB
_a
Delhi
_c
1994
300
_a
645
546
_a
ENGLISH
999
_c
32258
_d
32258